Migraciones visuales: análisis del fenómeno migratorio a través del videoarte /

Na minha lista:
Detalhes bibliográficos
Autor principal: Riboulet, Célia
Formato: Texto
Tags: Adicionar Tag
Sem tags, seja o primeiro a adicionar uma tag!

MARC

LEADER 00000 a a2200000 04500
001 47181
003
040
100 |a Riboulet, Célia  
245 |a Migraciones visuales:   |b análisis del fenómeno migratorio a través del videoarte /  |c Célia Riboulet  
773 |g volumen35, número2, (2012), páginas 169-188 : fotos  
999 |c 28138  |d 28138